Zdaňovanie podielov na zisku (dividend) v kontexte aktuálneho legislatívneho rámca

Vysvetlenie aktuálneho zdaňovania podielov na zisku (dividend) s ohľadom na aplikáciu medzinárodných zmlúv o zamedzení dvojitého zdanenia vrátane implementácie súvisiacich opatrení projektu OECD "BEPS" proti erózii základu dane a presunu ziskov a príslušného primárneho a sekundárneho práva Európskeh...

ver descrição completa

Na minha lista:
Detalhes bibliográficos
Autor principal: Slivková, Dana
Formato: Capítulo de Livro
Idioma:eslovaco
Assuntos:
Tags: Adicionar Tag
Sem tags, seja o primeiro a adicionar uma tag!

MARC

LEADER 00000naa a2200000 4500
001 0288555
005 20240417075218.7
041 0 |a slo 
044 |a SK 
245 1 0 |a Zdaňovanie podielov na zisku (dividend) v kontexte aktuálneho legislatívneho rámca  |c Dana Slivková 
520 |a Vysvetlenie aktuálneho zdaňovania podielov na zisku (dividend) s ohľadom na aplikáciu medzinárodných zmlúv o zamedzení dvojitého zdanenia vrátane implementácie súvisiacich opatrení projektu OECD "BEPS" proti erózii základu dane a presunu ziskov a príslušného primárneho a sekundárneho práva Európskeho spoločenstva v kontexte aktuálneho znenia zákona č. 595/2003 Z. z. o dani z príjmov v z. n. p.. 
610 2 0 |a podiely na zisku 
610 2 0 |a zdaňovanie 
610 2 0 |a dividendy 
610 2 0 |a legislatíva 
610 2 0 |a zdanenie dvojité 
610 2 0 |a dane z príjmov 
610 2 0 |a zmluvy medzinárodné 
610 2 0 |a OECD 
100 1 |a Slivková, Dana